Statistics for Name an African City A-Z

Click here to take the quiz!

General Stats

  • This quiz has been taken 1,898 times
  • The average score is 12 of 18

Answer Stats

HintAnswer% Correct
CCairo, Casablanca, Cape Town, Cotonou, Conakry
99%
AAlgiers, Alexandria, Addis Ababa, Abuja, Accra, Abidjan, Antananarivo, Agadir, Aba
96%
LLagos, Luanda, Lusaka, Lubumbashi, Lilongwe, Lome
91%
NNdjamena, Nairobi, Nouakchott, Niamey
87%
KKinshasa, Khartoum, Kampala, Kigali, Kananga, Kisangani, Kumasi, Kaduna, Kano
86%
TTripoli, Tangier, Tunis, Touba
85%
JJohannesburg, Jos
84%
DDar es Salaam, Dakar, Durban, Douala
83%
MMombasa, Mbuji-Mayi, Monrovia, Mogadishu, Marrakesh, Maputo, Maiduguri
83%
BBangui, Brazzaville, Bamako, Benin City
74%
FFes, Freetown
71%
RRabat
65%
HHarare
59%
OOran, Ouagadougou, Onitsha
57%
YYaounde
53%
IIbadan, Ilorin
29%
PPort Elizabeth, Port Harcourt, Pointe-Noire
28%
SSousse
8%

Score Distribution

Percentile by Number Answered

Percent of People with Each Score

Your Score History

You have not taken this quiz